| 000 | 01024nam a22002537a 4500 | ||
|---|---|---|---|
| 005 | 20170124103034.0 | ||
| 010 | _aA-909437 | ||
| 020 | _c70.00 | ||
| 035 | _aA-909437 | ||
| 037 | _bCen Lib/Ret | ||
| 040 |
_aDPL _bHN |
||
| 082 |
_aक _bमोपासां |
||
| 100 |
_aमोपासां _964678 |
||
| 245 |
_aइशारा / _cमोपासां |
||
| 246 |
_aEshara / _bby Mopasan |
||
| 260 |
_aदिल्ली _bराष्ट्यीवाणी प्रकाशन _c1998 |
||
| 270 |
_bदिल्ली _aबी-97, चेतक अपार्टमेंट, अंहिसा मार्ग सेक्टर 9, रोहिणी _e110085 |
||
| 300 |
_a88पृ.: _c19सेमी (सजिल्द) _bसचित्र |
||
| 650 |
_aहिंदी साहित्य _964679 |
||
| 650 |
_aहिंदी कहानियां _92082 |
||
| 650 |
_aHindi literature _964680 |
||
| 650 |
_aHindi stories _964681 |
||
| 942 |
_2ddc _cHN _hक _mमोपासां |
||
| 999 |
_c116076 _d116076 |
||